000 00772cab a2200241 4500
001 WB3221-26
008 090401t1996 xxu||||| |||| 00| 0 eng d
035 _a(Sirsi) u13912
041 _aeng
245 _aBoom market investors sit pretty
260 _c1996
350 _a0
490 _aObserver
_v26 May 1996, 16(1)
520 _aChanges in the law on regulated tenancies and landlords obtaining vacant possession, are raising the prices buyers are willing to pay for property with sitting tenants.
650 _aREGISTERED RENTS
650 _aREGULATED TENANCIES
650 _aRENT REVIEWS
650 _aTENANTS
650 _aVACANT POSSESSION
690 _aPROPERTY-RESIDENTIAL PROPERTY-RESIDENTIAL PROPERTY MARKET
942 _n0
948 _c04/03/1997
999 _c8986
_d8986